Every Premier League signing in 25/26 - Statistics

General Stats
  • This quiz has been taken 183 times
    36 since last reset
  • The average score is 125 of 197
Answer Stats
Team Window Signed from Signed for (€) Player % Correct
Liverpool Summer Newcastle United 144 million Alexander Isak
96%
. . Crystal Palace 69.3 million Eberechi Eze
96%
. . Bayer Leverkusen 40 million Jeremie Frimpong
96%
. . Ipswich Town 35.5 million Liam Delap
96%
Arsenal Summer Real Sociedad 70 million Martín Zubimendi
96%
. . Chelsea 56 million Noni Madueke
96%
. . Sporting CP 65.8 million Viktor Gyökeres
96%
. . Manchester United 46.2 million Alejandro Garnacho
92%
. Winter Bournemouth 72 million Antoine Semenyo
92%
Manchester United Summer RB Leipzig 76.5 million Benjamin Šeško
92%
. . Brentford 75 million Bryan Mbeumo
92%
. . Cerro Porteño 4 million Diego León
92%
. . Bayer Leverkusen 125 million Florian Wirtz
92%
. . Eintracht Frankfurt 95 million Hugo Ekitike
92%
. . Manchester City Loan Jack Grealish
92%
. . Manchester United Loan Jadon Sancho
92%
. . Botafogo 12 million Jair Cunha
92%
. . Burnley 31.2 million James Trafford
92%
. . Borussia Dortmund 56 million Jamie Gittens
92%
. Winter Wolverhampton Wanderers 49.7 million Jørgen Strand Larsen
92%
Wolverhampton Wanderers Summer Celta Vigo 27 million Jørgen Strand Larsen
92%
. . Ajax 44.18 million Jorrel Hato
92%
. . Wolverhampton Wanderers 74.2 million Matheus Cunha
92%
. . Bournemouth 46.9 million Milos Kerkez
92%
. Winter Manchester City 31.2 million Oscar Bobb
92%
. . Wolverhampton Wanderers 36.8 million Rayan Aït-Nouri
92%
. . Olympique Lyon 36.5 million Rayan Cherki
92%
Manchester City Summer AC Milan 55 million Tijjani Reijnders
92%
. . Brentford 11.6 million Christian Nørgaard
88%
. . Valencia 15 million Cristhian Mosquera
88%
. . Palmeiras 34 million Estêvão
88%
. . Liverpool Loan Harvey Elliott
88%
Chelsea Summer Brighton & Hove Albion 63.7 million João Pedro
88%
. . Crystal Palace 23 million Marc Guéhi
88%
Newcastle United Summer VfB Stuttgart 85 million Nick Woltemade
88%
. . Nottingham Forest 61.4 million Anthony Elanga
83%
. . Tottenham Hotspur 40 million Brennan Johnson
83%
Aston Villa Summer OGC Nice 30 million Evann Guessand
83%
. . Aston Villa Loan Evann Guessand
83%
. . Paris Saint-Germain 30 million Gianluigi Donnarumma
83%
. . Parma 31 million Giovanni Leoni
83%
. . Bayern Munich 35 million Mathys Tel
83%
. . West Ham United 63.8 million Mohammed Kudus
83%
. Winter Borussia Dortmund 2 million Pascal Groß
83%
. . Bayer Leverkusen Loan Piero Hincapié
83%
. . Royal Antwerp 21 million Senne Lammens
83%
Everton Summer Southampton 40.5 million Tyler Dibling
83%
. . Manchester United Free Victor Lindelöf
83%
Crystal Palace Summer Villareal 30 million Yéremy Pino
83%
. . Liverpool 14.8 million Caoimhín Kelleher
79%
. Winter Atlético Madrid 40 million Conor Gallagher
79%
. . Chelsea 28.9 million Đorđe Petrović
79%
. . VfB Stuttgart 4 million Jacob Bruun Larsen
79%
Fulham Summer Shakhtar Donetsk 40 million Kevin
79%
. . AC Milan 35 million Malick Thiaw
79%
. . Villareal 30 million Thierno Barry
79%
Tottenham Hotspur Summer RB Leipzig 65 million Xavi Simons
79%
. . Brentford 57.7 million Yoane Wissa
79%
. . Chelsea 23 million Armando Broja
75%
. . Juventus Loan Douglas Luiz
75%
. . Juventus Loan Douglas Luiz
75%
. . Aston Villa 45.15 million Jacob Ramsey
75%
. . Maccabi Netanya 4 million Jocelin Ta Bi
75%
. . Chelsea 5.82 million Kepa Arrizabalaga
75%
. . Chelsea 28.65 million Kiernan Dewsbury-Hall
75%
, ., Manchester City ? Kyle Walker
75%
Nottingham Forest Summer Ipswich Town 43.4 million Omari Hutchinson
75%
. Winter Vasco da Gama 28.5 million Rayan
75%
Leeds United Summer 1889 Hoffenheim 20 million Anton Stach
71%
. . Liverpool 23.2 million Ben Doak
71%
Brentford Summer Bournemouth 42.8 million Dango Ouattara
71%
. . Bologna 42 million Dan Ndoye
71%
. . Bayer Leverkusen 15 million Granit Xhaka
71%
. . Club Brugge 20 million Maxim De Cuyper
71%
. . AC Milan 19 million Noah Okafor
71%
. . Feyenoord 9 million Quilindschy Hartman
71%
. Winter Beşiktaş 21 million Tammy Abraham
71%
. . Everton Free Dominic Calvert-Lewin
67%
. . Manchester City 25.5 million James McAtee
67%
. . Bayern Munich Loan João Palhinha
67%
. . Ajax Free Jordan Henderson
67%
. . RC Lens 25 million Kevin Danso
67%
Burnley Summer Chelsea 28.7 million Lesley Ugochukwu
67%
West Ham United Summer Southampton 44 million Mateus Fernandes
67%
. . SC Freiburg Loan Merlin Röhl
67%
. . Paris Saint-Germain 12 million Nordi Mukiele
67%
. . Getafe 11.6 million Omar Alderete
67%
. . Paris Saint-Germain Loan Randal Kolo Muani
67%
. Winter Lazio 29 million Taty Castellanos
67%
. . Fulham 2.3 million Adama Traoré
63%
. . AC Milan Loan Álex Jiménez
63%
Bournemouth Summer LOSC Lille 35 million Bafodé Diakité
63%
. . Ajax 20 million Brian Brobbey
63%
. . Slavia Prague 22 million El Hadji Malick Diouf
63%
. . Roma 23 million Enzo Le Fée
63%
. . Botafogo 19 million Igor Jesus
63%
. Winter West Ham United Loan James Ward-Prowse
63%
. . Fiorentina 17.5 million Michael Kayode
63%
. . PSV Eindhoven Free Olivier Boscagli
63%
. . Brighton & Hove Albion 24.5 million Simon Adingra
63%
. . Rosenborg 15 million Sverre Nypan
63%
. . PSV Eindhoven Free Walter Benítez
63%
. . Feyenoord 20 million Antoni Milambo
58%
. . Ajax 2.9 million Bertrand Traoré
58%
Brighton & Hove Albion Summer Olympiacos 35 million Charalampos Kostoulas
58%
. . Club Brugge 20 million Chemsdine Talbi
58%
. . Sporting CP 22.27 million Dário Essugo
58%
. . Brighton & Hove Albion Loan Facundo Buonanotte
58%
. Winter Brighton & Hove Albion Loan Facundo Buonanotte
58%
. . Benfica Loan Florentino
58%
. . Leicester City 9.3 million James Justin
58%
. . VfL Wolfsburg Free Lukas Nmecha
58%
. . Hajduk Split 11 million Luka Vušković
58%
. . RB Leipzig Loan Lutsharel Geertruida
58%
. . Stade Brestois ? Marco Bizot
58%
. . Sporting CP 10 million Marcus Edwards
58%
. . Newcastle United ? Martin Dúbravka
58%
. . Union Saint-Giloise 17 million Noah Sadiki
58%
. . Arsenal Loan Oleksandr Zinchenko
58%
. . Atlético Madrid Free Reinildo Mandava
58%
. . NEC Nijmegen 10.5 million Robin Roefs
58%
. . AC Milan Loan Samuel Chukwueze
58%
. . Sunderland 12 million Tom Watson
58%
. Winter Chelsea Loan Tyrique George
58%
. . Stade Rennais 13.5 million Adrien Truffert
54%
. . Bayer Leverkusen 21 million Amine Adli
54%
. . Stade Rennais 30 million Arnaud Kalimuendo
54%
. . Ipswich Town Free Axel Tuanzebe
54%
. . Ajax 2.3 million Borna Sosa
54%
. . Flamengo 15 million Carlos Alcaraz
54%
. . Strasbourg 35 million Dilane Bakwa
54%
Sunderland Summer Strasbourg 31.5 million Habib Diarra
54%
. . Brighton & Hove Albion Loan Igor Julio
54%
. . Strasbourg 14 million Mamadou Sarr
54%
. . Santos 15 million Souza
54%
. . Millwall 8.3 million Zian Flemming
54%
. . Southampton Loan Aaron Ramsdale
50%
. . Bayern Munich 9 million Adam Aznou
50%
. . Ferencváros 12 million Alex Tóth
50%
. . Hellas Verona 11 million Diego Coppola
50%
. . Preston North End Free Freddie Woodman
50%
. . LOSC Lille 11.6 million Gabriel Gudmundsson
50%
. . Toulouse 23 million Jaydee Canvot
50%
. . OGC Nice 40 million Jean-Clair Todibo
50%
. . Kawasaki Frontale 5.8 million Kota Takai
50%
. . Napoli Loan Lorenzo Lucca
50%
. . Lazio 15.15 million Loum Tchaouna
50%
. Winter Borussia Mönchengladbach 2.5 million Luca Netz
50%
. . Olympique Lyon 16 million Lucas Perri
50%
. . Chelsea 2.4 million Marcus Bettinelli
50%
. . Juventus 13 million Nicolò Savona
50%
. . Gil Vicente 23 million Pablo
50%
. . Arsenal Loan Reiss Nelson
50%
. . Newcastle United 13.8 million Sean Longstaff
50%
. . Manchester City 580k Stefan Ortega
50%
. Winter Southampton 8.1 million Adam Armstrong
46%
. . Olympique Marseille Loan Angel Gomes
46%
. . Chelsea Loan Axel Disasi
46%
. . Hellas Verona 12.5 million Jackson Tchatchoua
46%
. . Udinese 18 million Jaka Bijol
46%
. . Chelsea Loan Marc Guiu
46%
. . Bournemouth 4.6 million Mark Travers
46%
. . VfL Wolfsburg 6 million Sebastiaan Bornauw
46%
. . KRC Genk 26 million Tolu Arokodare
46%
. . Grêmio 10 million Alysson
42%
. . Puskás Akadémia 1.78 million Ármin Pécsi
42%
. . Beşiktaş Free Arthur Masuaku
42%
. . Chelsea 14 million Bashir Humphreys
42%
. . Newcastle United Free Callum Wilson
42%
. Winter Club Brugge 10 million Kaye Furo
42%
. . Southampton Free Kyle Walker-Peters
42%
. . Leicester City 20.8 million Mads Hermansen
42%
. . Montpellier 500k Benjamin Lecomte
38%
. . Getafe Loan Christantus Uche
38%
. . AZ Alkmaar 12 million David Møller Wolfe
38%
. . Celta Vigo 23 million Fer López
38%
. . Bournemouth 9.5 million Jaidon Anthony
38%
. . Botafogo 8 million John Victor
38%
. . Independiente 10 million Kendry Páez
38%
. . Karlsruher SC 4 million Max Weiß
38%
. . AS Monaco 17 million Soungoutou Magassa
38%
. . Girona Loan Ladislav Krejčí
33%
. . Red Star Belgrade 15 million Veljko Milosavljević
33%
. . Kasimpasa 7 million Yasin Özcan
33%
. . Norwich City Free Angus Gunn
29%
. . Lazio Loan Christos Mandas
29%
. . Fluminense 17 million Jhon Arias
29%
. . Bayern Munich Loan Jonah Kusi-Asare
29%
. Winter RSC Anderlecht 17.34 million Nilson Angulo
29%
. . Birmingham City 3.6 million Romelle Donovan
29%
. . Without club Free Fraser Forster
25%
. Malmö FF 3.45 million Melker Ellborg
25%
. . Wolverhampton Wanderers ? Tom King
25%
. . Botafogo 6 million Cuiabano
21%
. . Daejeon Hana Citizen 2 million Do-young Yoon
21%
. . Málaga CF Free Antoñito Cordero
17%
. . Deportivo La Guaira Loan Keiber Lamadrid
13%
No matching quizzes found
Score Distribution
Percent of People with Each Score
Percentile by Number Answered
Your Score History
You have not taken this quiz since the last reset